| 000 | 01767cam a22004217a 4500 | ||
|---|---|---|---|
| 001 | 12842892 | ||
| 005 | 20150819110955.0 | ||
| 008 | 020703t2002 flua bf 001 0 eng d | ||
| 010 | _a 2002283812 | ||
| 020 | _a0849392578 | ||
| 020 | _a9780849392573 | ||
| 035 | _a(OCoLC)ocm49315294 | ||
| 040 |
_aTEF _beng _cTEF _dPGC _dPGC _dEG-ScBUE |
||
| 042 | _alccopycat | ||
| 050 | 0 | 0 |
_aTJ163.12 _b.M434 2002 |
| 082 | 0 | 0 |
_a621 _bMEC _221 |
| 245 | 0 | 4 |
_aMechatronics System Control, Logic. And Data Acquisition : _bfundamentals and modeling / _cEdited by Robert H. Bishop. |
| 250 | _a2nd ed. | ||
| 260 |
_aBoca Raton, Fla. : _bCRC Press, _cc. 2008. |
||
| 300 |
_a2 v. : _bill. ; _c26 cm. |
||
| 490 | 0 | _aThe electrical engineering handbook series | |
| 500 | _a"ISA-The Instrumentation, Systems, and Automation Society." | ||
| 504 | _aIncludes bibliographical references and index. | ||
| 505 | 0 | _a[v. 1]. Mechatronic systems, sensors, and actuators : fundamentals and modelling -- [v. 2]. Mechatronic system control, logic, and data acquisition. | |
| 590 | _aMohamed Hussein | ||
| 650 | 0 |
_aMechatronics _vHandbooks, manuals, etc. _95423 _2BUEsh |
|
| 650 | 0 |
_aActuators _2BUEsh |
|
| 650 | 0 |
_aDetectors _2BUEsh |
|
| 650 | 0 |
_aProgrammable controllers _2BUEsh |
|
| 651 | _2BUEsh | ||
| 653 |
_bENGELC _bENGGEN _cAugust2015 |
||
| 700 | 1 |
_aBishop, Robert H., _d1957- _95424 _eeditor |
|
| 856 | 4 | 2 |
_3Publisher description _uhttp://www.loc.gov/catdir/enhancements/fy0646/2002283812-d.html |
| 856 | 4 | 2 |
_3Book review (E-STREAMS) _uhttp://www.e-streams.com/es0605/es0605_2455.html |
| 365 |
_bLE 992 _eFor two volumes |
||
| 942 |
_2ddc _cBB |
||
| 999 |
_c11645 _d11645 |
||